[Event "Gibraltar Masters 18th"]
[Site "Caleta"]
[Date "2020.01.25"]
[Round "5"]
[White "Huguet Mainar, Sergio"]
[Black "Wilson, Matthew R"]
[Result "1/2-1/2"]
[WhiteElo "2055"]
[BlackElo "1837"]
[PlyCount "74"]
[EventDate "2020.01.21"]
[EventType "swiss"]
[EventRounds "10"]
[EventCountry "GGB"]
[SourceTitle "CBM 194 Extra"]
[Source "ChessBase"]
[SourceDate "2020.03.31"]
[SourceVersion "1"]
[SourceVersionDate "2020.03.31"]
[SourceQuality "1"]

1. c4 e5 2. g3 c6 3. d4 e4 4. Nc3 d5 5. Bg2 Bb4 6. cxd5 Bxc3+ 7. bxc3 cxd5 8. Nh3 Ne7 9. 0-0 0-0 10. f3 exf3 11. exf3 Re8 12. Re1 Nbc6 13. Nf4 Bf5 14. Ba3 Qd7 15. Nd3 Bxd3 16. Qxd3 Na5 17. f4 Rad8 18. Re2 Nc8 19. Rae1 Rxe2 20. Qxe2 Nc4 21. Bc1 h6 22. g4 N8b6 23. f5 f6 24. Bf4 Kf8 25. Kf2 Re8 26. Qxe8+ Qxe8 27. Rxe8+ Kxe8 28. Ke2 Kd7 29. Kd3 Nd6 30. Bc1 Kc6 31. Bf3 Nbc4 32. h3 b5 33. Bg2 a5 34. Bf3 Nb6 35. Ba3 Nbc4 36. Bc5 Nb2+ 37. Kc2 Nbc4 1/2-1/2

[Event "Gibraltar Masters 18th"]
[Site "Caleta"]
[Date "2020.01.23"]
[Round "3"]
[White "Cherniack, Alex"]
[Black "Huguet Mainar, Sergio"]
[Result "1-0"]
[WhiteElo "2211"]
[BlackElo "2055"]
[PlyCount "161"]
[EventDate "2020.01.21"]
[EventType "swiss"]
[EventRounds "10"]
[EventCountry "GGB"]
[SourceTitle "CBM 194 Extra"]
[Source "ChessBase"]
[SourceDate "2020.03.31"]
[SourceVersion "1"]
[SourceVersionDate "2020.03.31"]
[SourceQuality "1"]

1. d4 d5 2. c4 c6 3. Nf3 e6 4. e3 f5 5. Be2 Nf6 6. 0-0 Bd6 7. b3 Ne4 8. Ba3 0-0 9. Bxd6 Qxd6 10. Qc2 Nd7 11. Nbd2 Rf6 12. g3 Rh6 13. Rab1 Ndf6 14. Ne5 Bd7 15. b4 Be8 16. Rfe1 Bh5 17. f3 Nxd2 18. Qxd2 Nd7 19. c5 Qc7 20. Nxd7 Qxd7 21. a4 Re8 22. Qc3 Qe7 23. f4 Bxe2 24. Rxe2 a6 25. Reb2 Rf6 26. b5 axb5 27. axb5 Ra8 28. Rb3 Rff8 29. Ra3 Rfc8 30. Qb4 Qe8 31. Rxa8 Rxa8 32. bxc6 bxc6 33. Qb7 h6 34. Rb6 Ra1+ 35. Rb1 Ra2 36. Qb8 Qxb8 37. Rxb8+ Kf7 38. h3 Ra7 39. Rc8 Ra6 40. Rc7+ Kf6 41. Rb7 Ra8 42. Rc7 Ra6 43. Kg2 h5 44. Kf3 Kg6 45. Rc8 Kf6 46. Rh8 Kg6 47. Rf8 Ra2 48. Rh8 Ra6 49. Rd8 Kf6 50. Rd7 Kg6 51. Rd6 Kf7 52. g4 hxg4+ 53. hxg4 fxg4+ 54. Kxg4 Ra3 55. Kf3 Ra6 56. f5 exf5 57. Kf4 g6 58. Ke5 Ra3 59. Rf6+ Kg7 60. Rxc6 Rxe3+ 61. Kxd5 f4 62. Ra6 f3 63. Ra1 Kf6 64. Kd6 g5 65. c6 g4 66. c7 Re6+ 67. Kd7 Re7+ 68. Kd8 Rxc7 69. Kxc7 f2 70. d5 g3 71. d6 g2 72. d7 f1Q 73. d8Q+ Ke5 74. Qd6+ Ke4 75. Ra4+ Kf5 76. Ra5+ Kg4 77. Qg6+ Kf3 78. Rf5+ Ke2 79. Qe6+ Kd3 80. Rxf1 gxf1Q 81. Qa6+ 1-0

[Event "Olympiad-43"]
[Site "Batumi"]
[Date "2018.09.25"]
[Round "2.3"]
[White "Silva, David Miguel Da"]
[Black "Huguet Mainar, Sergio"]
[Result "1/2-1/2"]
[WhiteElo "2223"]
[BlackElo "2053"]
[PlyCount "98"]
[EventDate "2018.09.24"]
[EventType "team-swiss"]
[EventRounds "11"]
[EventCountry "GEO"]
[SourceTitle "CBM 187"]
[Source "ChessBase"]
[SourceDate "2018.12.11"]
[SourceVersion "1"]
[SourceVersionDate "2018.12.11"]
[SourceQuality "1"]
[WhiteTeam "Angola"]
[BlackTeam "Honduras"]
[WhiteTeamCountry "ANG"]
[BlackTeamCountry "HON"]

1. e4 c5 2. Nf3 g6 3. d3 Bg7 4. g3 Nc6 5. Bg2 Nf6 6. 0-0 d6 7. h3 0-0 8. Re1 Nd7 9. c3 b5 10. a3 a5 11. Be3 Ba6 12. d4 cxd4 13. cxd4 Rc8 14. Bf1 Nb6 15. a4 Nc4 16. axb5 Bxb5 17. Qb3 Nb4 18. Na3 Nxa3 19. bxa3 Bxf1 20. Rxf1 Nc2 21. Rad1 Nxe3 22. Qxe3 Qd7 23. h4 Rc2 24. h5 Qh3 25. Qb3 Re2 26. Qc4 Rb2 27. hxg6 hxg6 28. Rb1 Rxb1 29. Rxb1 Qg4 30. Qd3 Rc8 31. Kg2 Qe6 32. Rb7 Bf6 33. Ra7 Kg7 34. Rxa5 Rh8 35. Ng1 g5 36. Rf5 Rc8 37. g4 Qc4 38. Qd2 e6 39. Rxf6 Kxf6 40. Nf3 Qc1 41. e5+ dxe5 42. dxe5+ Kg7 43. Qxg5+ Qxg5 44. Nxg5 Ra8 45. Ne4 Rxa3 46. f4 Kg6 47. Kf2 Rb3 48. Kg2 Ra3 49. Kf2 Rb3 1/2-1/2

[Event "Budapest FS03 IM"]
[Site "Budapest"]
[Date "2017.03.13"]
[Round "9"]
[White "Sredojevic, Ivan"]
[Black "Huguet Mainar, Sergio"]
[Result "1-0"]
[WhiteElo "2367"]
[BlackElo "2068"]
[PlyCount "119"]
[EventDate "2017.03.04"]
[EventType "tourn"]
[EventRounds "9"]
[EventCountry "HUN"]
[SourceTitle "CBM 177 Extra"]
[Source "ChessBase"]
[SourceDate "2017.04.27"]
[SourceVersion "1"]
[SourceVersionDate "2017.04.27"]
[SourceQuality "1"]

1. e4 c5 2. Nf3 d6 3. d4 cxd4 4. Nxd4 Nf6 5. Nc3 a6 6. Be3 e5 7. Nb3 Be6 8. f3 Be7 9. Qd2 Nbd7 10. 0-0-0 Rc8 11. Kb1 Nb6 12. g4 Qc7 13. g5 Nfd7 14. h4 Nc4 15. Bxc4 Qxc4 16. h5 b5 17. Rhg1 Qc7 18. Rg2 Nb6 19. Bxb6 Qxb6 20. Nd5 Bxd5 21. exd5 0-0 22. Na5 f5 23. Nc6 Qc7 24. f4 e4 25. Qd4 Rfe8 26. h6 Bf8 27. g6 e3 28. gxh7+ Kh8 29. Rdg1 e2 30. Qd2 gxh6 31. Rxe2 Rxe2 32. Qxe2 Qf7 33. Nd4 Qxd5 34. Qh5 Bg7 35. Nxf5 Qd2 36. c3 Qd3+ 37. Ka1 Bxc3 38. Rg8+ Rxg8 39. hxg8Q+ Kxg8 40. Qe8+ Kh7 41. Qf7+ Kh8 42. Qf8+ Kh7 43. Qxh6+ Kg8 44. Qg6+ Kf8 45. Qxd6+ Qxd6 46. Nxd6 Bd4 47. Kb1 Be3 48. f5 Kg7 49. Ne4 Kh6 50. Kc2 Kh5 51. Kd3 Bc1 52. b4 Kg4 53. f6 Kf5 54. f7 Bh6 55. Nc5 Kg6 56. Nxa6 Kxf7 57. Kd4 Ke6 58. Kc5 Kd7 59. Kxb5 Kc8 60. Kc6 1-0

[Event "Budapest FS03 IM"]
[Site "Budapest"]
[Date "2017.03.06"]
[Round "3"]
[White "Chekletsov, Egor"]
[Black "Huguet Mainar, Sergio"]
[Result "1/2-1/2"]
[WhiteElo "2106"]
[BlackElo "2068"]
[PlyCount "81"]
[EventDate "2017.03.04"]
[EventType "tourn"]
[EventRounds "9"]
[EventCountry "HUN"]
[SourceTitle "CBM 177 Extra"]
[Source "ChessBase"]
[SourceDate "2017.04.27"]
[SourceVersion "1"]
[SourceVersionDate "2017.04.27"]
[SourceQuality "1"]

1. d4 Nf6 2. c4 e6 3. Nf3 b6 4. a3 Bb7 5. Nc3 d5 6. cxd5 Nxd5 7. Qc2 Nd7 8. e4 Nxc3 9. bxc3 Be7 10. Bd3 c5 11. 0-0 Qc7 12. Qe2 0-0 13. e5 Rac8 14. Bd2 Rfd8 15. Ng5 Nf8 16. Qg4 cxd4 17. cxd4 Qd7 18. Be3 Bxg5 19. Qxg5 Rc3 20. Rfd1 Rdc8 21. a4 Ng6 22. h4 Qd8 23. Qxd8+ Rxd8 24. Bxg6 hxg6 25. Rdc1 Rxc1+ 26. Rxc1 Rc8 27. Rxc8+ Bxc8 28. Bd2 Bd7 29. a5 bxa5 30. Bxa5 Bc6 31. Bb4 a6 32. f4 f5 33. exf6 gxf6 34. g4 Bf3 35. g5 f5 36. Kf2 Bd5 37. Ke3 Kf7 38. Kd3 Ba2 39. Kc3 Bd5 40. Kd3 Ba2 41. Kc3 1/2-1/2

[Event "Olympiad-42"]
[Site "Baku"]
[Date "2016.09.10"]
[Round "8.3"]
[White "Ismagambetov, Anuar"]
[Black "Huguet Mainar, Sergio"]
[Result "1-0"]
[WhiteElo "2542"]
[BlackElo "2099"]
[PlyCount "95"]
[EventDate "2016.09.02"]
[EventType "team-swiss"]
[EventRounds "11"]
[EventCountry "AZE"]
[SourceTitle "CBM 175"]
[Source "ChessBase"]
[SourceDate "2016.11.10"]
[SourceVersion "1"]
[SourceVersionDate "2016.11.10"]
[SourceQuality "1"]
[WhiteTeam "Kazakhstan"]
[BlackTeam "Honduras"]
[WhiteTeamCountry "KAZ"]
[BlackTeamCountry "HON"]

1. e4 c5 2. Nf3 Nc6 3. d4 cxd4 4. Nxd4 g6 5. c4 Bg7 6. Be3 Nf6 7. Nc3 d6 8. Be2 0-0 9. 0-0 Nxd4 10. Bxd4 Nd7 11. Bxg7 Kxg7 12. Qd2 b6 13. f4 Bb7 14. Rad1 Rc8 15. e5 Nc5 16. exd6 Qxd6 17. Qxd6 exd6 18. Rxd6 Rfe8 19. Rd2 Ne4 20. Nxe4 Bxe4 21. Rfd1 Rc7 22. Bf1 f5 23. Rd7+ Re7 24. Rxc7 Rxc7 25. Rd2 Kf6 26. Kf2 Ke6 27. Ke3 a5 28. a3 Ke7 29. g3 Ra7 30. Be2 Ra8 31. Rd4 Ra7 32. Kd2 Ra8 33. Kc3 h6 34. Bd3 Bxd3 35. Rxd3 Rc8 36. b4 axb4+ 37. axb4 Ra8 38. c5 bxc5 39. bxc5 Ra2 40. Rd2 Ra6 41. Kb4 g5 42. Kb5 Ra1 43. c6 gxf4 44. gxf4 Rb1+ 45. Ka6 Rb4 46. c7 Rc4 47. Kb6 Rc1 48. Rd8 1-0

[Event "Barbera del Valles op 38th"]
[Site "Barbera del Valles"]
[Date "2015.07.07"]
[Round "4"]
[White "Huguet Mainar, Sergio"]
[Black "Gomez Jurado, Luis Alberto"]
[Result "1/2-1/2"]
[WhiteElo "2094"]
[BlackElo "2272"]
[PlyCount "137"]
[EventDate "2015.07.04"]
[EventType "swiss"]
[EventRounds "9"]
[EventCountry "ESP"]
[SourceTitle "CBM 167 Extra"]
[Source "ChessBase"]
[SourceDate "2015.09.14"]
[SourceVersion "1"]
[SourceVersionDate "2015.09.14"]
[SourceQuality "1"]

1. d4 Nf6 2. Bg5 e6 3. e4 h6 4. Bxf6 Qxf6 5. Nf3 g5 6. e5 Qe7 7. Nc3 Bg7 8. Bc4 Nc6 9. h3 h5 10. Qd3 d6 11. exd6 cxd6 12. 0-0-0 Bd7 13. d5 Nb4 14. Qe2 Rc8 15. Rhe1 Rh6 16. Nd4 Be5 17. Kb1 Qf6 18. dxe6 fxe6 19. Ndb5 Qf4 20. Bb3 a6 21. g3 Qf7 22. Nd4 Qg7 23. Nxe6 Rxe6 24. Bxe6 Bxe6 25. Rxd6 Rc6 26. Rxc6 Nxc6 27. f4 gxf4 28. gxf4 Qg3 29. fxe5 Qxh3 30. Ne4 Nd4 31. Qxh5+ Qxh5 32. Nf6+ Ke7 33. Nxh5 Bf5 34. Rc1 Bg4 35. Nf4 Bf5 36. b3 Nf3 37. Nd3 a5 38. Kb2 b6 39. Rf1 Be4 40. Rf2 Ke6 41. Re2 Kd5 42. Nf2 Bf5 43. Nd3 Bxd3 44. cxd3 Nxe5 45. Kc3 b5 46. a3 Nc6 47. Rh2 b4+ 48. axb4 axb4+ 49. Kd2 Nd4 50. Rh5+ Kc6 51. Ke3 Nxb3 52. d4 Kb6 53. Kd3 Na5 54. Rg5 b3 55. Kc3 Nc6 56. d5 Ne7 57. Re5 Nc8 58. Re6+ Kb5 59. Kxb3 Nb6 60. d6 Kc6 61. Rh6 Nd7 62. Kc3 Ne5 63. Re6 Nd7 64. Kd3 Kd5 65. Rh6 Ne5+ 66. Ke2 Kc6 67. Re6 Nf7 68. Ke3 Nxd6 69. Rxd6+ 1/2-1/2

[Event "Olympiad-41"]
[Site "Tromsoe"]
[Date "2014.08.11"]
[Round "9.1"]
[White "Huguet Mainar, Sergio"]
[Black "Ferster, Fabian"]
[Result "1/2-1/2"]
[WhiteElo "2055"]
[BlackElo "2137"]
[PlyCount "45"]
[EventDate "2014.08.02"]
[EventType "team-swiss"]
[EventRounds "11"]
[EventCountry "NOR"]
[SourceTitle "CBM 162"]
[Source "ChessBase"]
[SourceDate "2014.09.17"]
[SourceVersion "1"]
[SourceVersionDate "2014.09.17"]
[SourceQuality "1"]
[WhiteTeam "Honduras"]
[BlackTeam "Liechtenstein"]
[WhiteTeamCountry "HON"]
[BlackTeamCountry "LIE"]

1. e4 e6 2. d3 d5 3. Qe2 Be7 4. Nf3 c5 5. g3 Nc6 6. Bg2 Nf6 7. 0-0 0-0 8. e5 Ne8 9. Re1 Rb8 10. a4 a6 11. h4 b5 12. axb5 axb5 13. Bf4 Qb6 14. Nbd2 Nc7 15. c3 Ba6 16. Ng5 b4 17. Bf1 bxc3 18. bxc3 Qb2 19. Rec1 Ra8 20. Rab1 Qa3 21. Ra1 Qb2 22. Rab1 Qa3 23. Ra1 1/2-1/2

[Event "Olympiad-41"]
[Site "Tromsoe"]
[Date "2014.08.03"]
[Round "2.1"]
[White "Galappaththi, Chinthaka Anuruddh"]
[Black "Huguet Mainar, Sergio"]
[Result "1/2-1/2"]
[WhiteElo "2125"]
[BlackElo "2055"]
[PlyCount "93"]
[EventDate "2014.08.02"]
[EventType "team-swiss"]
[EventRounds "11"]
[EventCountry "NOR"]
[SourceTitle "CBM 162"]
[Source "ChessBase"]
[SourceDate "2014.09.17"]
[SourceVersion "1"]
[SourceVersionDate "2014.09.17"]
[SourceQuality "1"]
[WhiteTeam "Sri Lanka"]
[BlackTeam "Honduras"]
[WhiteTeamCountry "SRI"]
[BlackTeamCountry "HON"]

1. Nf3 Nf6 2. g3 g6 3. Bg2 Bg7 4. c4 c5 5. Nc3 Nc6 6. 0-0 0-0 7. d4 cxd4 8. Nxd4 Nxd4 9. Qxd4 d6 10. Qd3 Rb8 11. Be3 b6 12. Nb5 Qd7 13. Qa3 a6 14. Nd4 Bb7 15. h3 Bxg2 16. Kxg2 Qb7+ 17. Nf3 b5 18. c5 b4 19. Qb3 Nd5 20. cxd6 Nxe3+ 21. fxe3 exd6 22. Rad1 Rbd8 23. Rd3 Rfe8 24. Rfd1 Re6 25. Rc1 Rde8 26. Rc4 a5 27. a3 Bh6 28. axb4 Rxe3 29. Rxe3 Rxe3 30. Qd1 axb4 31. Rd4 Qb5 32. Rd3 Rxd3 33. Qxd3 Qxd3 34. exd3 f5 35. b3 Kf7 36. Kf2 Ke6 37. g4 fxg4 38. hxg4 Bf4 39. Kg2 Kd5 40. Kh3 h6 41. Kh4 Be5 42. Kh3 Bf6 43. Kg3 Ke6 44. Kh3 h5 45. Kg3 hxg4 46. Kxg4 Be7 47. Nd4+ 1/2-1/2

[Event "Olympiad-41"]
[Site "Tromsoe"]
[Date "2014.08.02"]
[Round "1.1"]
[White "Huguet Mainar, Sergio"]
[Black "Ghaem Maghami, Ehsan"]
[Result "0-1"]
[WhiteElo "2055"]
[BlackElo "2594"]
[PlyCount "68"]
[EventDate "2014.08.02"]
[EventType "team-swiss"]
[EventRounds "11"]
[EventCountry "NOR"]
[SourceTitle "CBM 162"]
[Source "ChessBase"]
[SourceDate "2014.09.17"]
[SourceVersion "1"]
[SourceVersionDate "2014.09.17"]
[SourceQuality "1"]
[WhiteTeam "Honduras"]
[BlackTeam "Iran"]
[WhiteTeamCountry "HON"]
[BlackTeamCountry "IRI"]

1. e4 c5 2. c3 Nf6 3. e5 Nd5 4. d4 cxd4 5. Nf3 e6 6. cxd4 d6 7. Nc3 dxe5 8. Nxe5 Bb4 9. Bd2 0-0 10. Bd3 Ne7 11. Qg4 Nbc6 12. Nf3 e5 13. Qh4 Ng6 14. Qxd8 Rxd8 15. Bxg6 hxg6 16. dxe5 Bg4 17. Bf4 Bxf3 18. gxf3 Nd4 19. Rd1 Nxf3+ 20. Ke2 Nd4+ 21. Ke3 Bxc3 22. bxc3 Ne6 23. Rd6 Rdc8 24. Rc1 Rc4 25. Bg3 Rac8 26. Kd2 b5 27. a3 Ra4 28. Ra1 Nc5 29. Kc2 Ne4 30. Rd3 Rac4 31. Rad1 Kh7 32. f3 Nxc3 33. Re1 Na4+ 34. Kb3 Nc5+ 0-1

[Event "Aragon-chT Honor GrB"]
[Site "Aragon"]
[Date "2013.03.02"]
[Round "6.32"]
[White "Pellicer Cerezuela, Miguel"]
[Black "Huguet Mainar, Sergio"]
[Result "1/2-1/2"]
[WhiteElo "1794"]
[BlackElo "2162"]
[PlyCount "63"]
[EventDate "2013.01.26"]
[EventType "team"]
[EventRounds "7"]
[EventCountry "ESP"]
[SourceTitle "EXT 2014"]
[Source "ChessBase"]
[SourceDate "2013.11.20"]
[SourceVersion "1"]
[SourceVersionDate "2013.11.20"]
[SourceQuality "1"]
[WhiteTeam "La Aurora Estadilla"]
[BlackTeam "IberCaja"]
[WhiteTeamCountry "ESP"]
[BlackTeamCountry "ESP"]

1. d4 d5 2. c4 e5 3. e3 exd4 4. exd4 Nf6 5. Nf3 Be7 6. Be2 0-0 7. 0-0 c6 8. Nc3 Be6 9. c5 b6 10. b4 a5 11. Na4 Nbd7 12. Bd2 axb4 13. Bxb4 bxc5 14. Nxc5 Nxc5 15. dxc5 Qb8 16. a3 Nd7 17. Rc1 Qf4 18. Nd4 Qc7 19. Re1 Bf6 20. Bf1 Rfe8 21. Nxe6 Rxe6 22. g3 Rae8 23. Bh3 Rxe1+ 24. Bxe1 Bb2 25. Rc2 Bf6 26. Re2 Rxe2 27. Qxe2 Qe5 28. Qxe5 Nxe5 29. Bb4 Nd3 30. Bd7 Nxb4 31. axb4 Bc3 32. Bxc6 1/2-1/2

[Event "Olympiad-40"]
[Site "Istanbul"]
[Date "2012.09.01"]
[Round "5.2"]
[White "Huguet Mainar, Sergio"]
[Black "Kett, Timothy"]
[Result "1/2-1/2"]
[WhiteElo "2094"]
[BlackElo "2237"]
[PlyCount "92"]
[EventDate "2012.08.28"]
[EventType "team-swiss"]
[EventRounds "11"]
[EventCountry "TUR"]
[SourceTitle "CBM 151"]
[Source "ChessBase"]
[SourceDate "2012.11.13"]
[SourceVersion "1"]
[SourceVersionDate "2012.11.13"]
[SourceQuality "1"]
[WhiteTeam "Honduras"]
[BlackTeam "Wales"]
[WhiteTeamCountry "HON"]
[BlackTeamCountry "WLS"]

1. d4 Nf6 2. e3 g6 3. Bd3 Bg7 4. f4 0-0 5. Nf3 d6 6. 0-0 b6 7. c4 c5 8. Nc3 cxd4 9. exd4 d5 10. Ne5 Bb7 11. f5 Nc6 12. fxg6 hxg6 13. Be3 dxc4 14. Bxc4 Nxe5 15. dxe5 Qxd1 16. Raxd1 Ng4 17. Bf4 Rad8 18. Rxd8 Rxd8 19. h3 b5 20. Nxb5 Nxe5 21. Bxe5 Bxe5 22. Rxf7 Bd5 23. Rxe7 Bxb2 24. Bxd5+ Rxd5 25. a4 Be5 26. Kf1 a6 27. Nc7 Ra5 28. Nxa6 Bd6 29. Ra7 Rxa4 30. Ke2 Ra3 31. Ra8+ Kg7 32. Nc7 Rxa8 33. Nxa8 Kf6 34. Kf3 Bc5 35. Kg4 Be3 36. Nc7 Ke5 37. h4 Kd6 38. Nb5+ Ke5 39. Nc3 Bd2 40. Ne2 Be3 41. g3 Kf6 42. Nf4 Bd2 43. Kf3 g5 44. hxg5+ Kxg5 45. Nh3+ Kf5 46. g4+ Kg6 1/2-1/2

[Event "Olympiad-40"]
[Site "Istanbul"]
[Date "2012.08.28"]
[Round "1.2"]
[White "Schandorff, Lars"]
[Black "Huguet Mainar, Sergio"]
[Result "1-0"]
[WhiteElo "2516"]
[BlackElo "2094"]
[PlyCount "61"]
[EventDate "2012.08.28"]
[EventType "team-swiss"]
[EventRounds "11"]
[EventCountry "TUR"]
[SourceTitle "CBM 151"]
[Source "ChessBase"]
[SourceDate "2012.11.13"]
[SourceVersion "1"]
[SourceVersionDate "2012.11.13"]
[SourceQuality "1"]
[WhiteTeam "Denmark"]
[BlackTeam "Honduras"]
[WhiteTeamCountry "DEN"]
[BlackTeamCountry "HON"]

1. d4 d5 2. c4 e5 3. dxe5 d4 4. Nf3 Nc6 5. a3 Bg4 6. Nbd2 Nge7 7. h3 Be6 8. Qa4 Qd7 9. b4 Ng6 10. Bb2 Ncxe5 11. Qxd7+ Kxd7 12. Nxd4 Nxc4 13. Nxc4 Bxc4 14. 0-0-0 a5 15. Nb3+ Ke6 16. Nxa5 Bd5 17. e4 Bxe4 18. Bc4+ Kf5 19. f3 Bc6 20. Nxc6 bxc6 21. Bxf7 Bd6 22. Rhe1 Bf4+ 23. Kb1 Ne5 24. Bb3 Rhe8 25. Rd4 Bg3 26. Re2 g5 27. Bc2+ Kf6 28. Rg4 Bf4 29. g3 h5 30. gxf4 hxg4 31. fxe5+ 1-0